000 00412pab a2200157 454500
008 180718b2007 xxu||||| |||| 00| 0 eng d
100 _aDeshmukh, R.B.
245 _aAgricultural education in Maharashtra
260 _c2007
300 _ap.5-7.
362 _a4 Feb
650 _aAgricultural education - India - Maharashtra
650 _aAgricultural education
773 _aUniversity News
909 _a73181
999 _c73181
_d73181